| 000 | 00000nam 2200000zi 4500 |
| 001 | 9.925601 |
| 003 | CaOODSP |
| 005 | 20240131152114 |
| 006 | m o d f |
| 007 | cr ||||||||||| |
| 008 | 230727t20232023qucb ob f00| 0 eng d |
| 020 | |a9780660496894 |
| 040 | |aCaOODSP|beng|erda|cCaOODSP |
| 043 | |an-cn-ns |
| 086 | 1 |aR64-612/2023E-PDF |
| 245 | 00|aGrand-Pré National Historic Site of Canada : |bpart of a UNESCO World Heritage Site : management plan. |
| 264 | 1|a[Gatineau, QC] : |bParks Canada = Parcs Canada, |c2023. |
| 264 | 4|c©2023 |
| 300 | |a1 online resource (x, 16 pages) : |bmaps |
| 336 | |atext|btxt|2rdacontent |
| 337 | |acomputer|bc|2rdamedia |
| 338 | |aonline resource|bcr|2rdacarrier |
| 500 | |aIssued also in French under title: Lieu historique national du Canada de Grand-Pré : composante d’un site du patrimoine mondial de l’UNESCO : plan directeur. |
| 504 | |aIncludes bibliographical references. |
| 650 | 0|aHistoric sites|zNova Scotia|xManagement. |
| 651 | 0|aGrand PreĢ National Historic Site (N.S.)|xManagement. |
| 710 | 2 |aParks Canada, |eissuing body. |
| 775 | 08|tLieu historique national du Canada de Grand-Pré : |w(CaOODSP)9.925603 |
| 776 | 0#|tGrand-Pré National Historic Site of Canada management plan.|w(CaOODSP)9.925602 |
| 856 | 40|qPDF|s2.82 MB|uhttps://publications.gc.ca/collections/collection_2024/pc/R64-612-2023-eng.pdf |
| 856 | 4 |qHTML|sN/A|uhttps://parks.canada.ca/lhn-nhs/ns/grandpre/info/gestion-management-2023 |